Numerical methods for ordinary differential equations / (Record no. 30052)

000 -LEADER
fixed length control field 00534 a2200157 4500
020 ## - INTERNATIONAL STANDARD BOOK NUMBER
International Standard Book Number 0470723351
020 ## - INTERNATIONAL STANDARD BOOK NUMBER
International Standard Book Number 9780470723357
082 04 - DEWEY DECIMAL CLASSIFICATION NUMBER
Classification number 518.63
090 ## - LOCALLY ASSIGNED LC-TYPE CALL NUMBER (OCLC); LOCAL CALL NUMBER (RLIN)
-- 1441
-- 1441
100 1# - MAIN ENTRY--PERSONAL NAME
Personal name Butcher, John C.
245 10 - TITLE STATEMENT
Title Numerical methods for ordinary differential equations /
Statement of responsibility, etc. John C. Butcher.
260 ## - PUBLICATION, DISTRIBUTION, ETC.
Place of publication, distribution, etc. [S.l.] :
Name of publisher, distributor, etc. Wiley,
Date of publication, distribution, etc. 2003.
300 ## - PHYSICAL DESCRIPTION
Extent xiv, 425 p. ;
Dimensions 24 cm.
942 ## - ADDED ENTRY ELEMENTS (KOHA)
Institution code [OBSOLETE] SNS
Koha item type Book
Call number prefix 515.352 BUT
Holdings
Withdrawn status Lost status Damaged status Not for loan Permanent Location Current Location Date acquired Total Checkouts Full call number Barcode Date last seen Price effective from Koha item type
        School of Natural Sciences (SNS) School of Natural Sciences (SNS) 05/26/2016   515.352 BUT SNS0000638 05/26/2016 05/26/2016 Book
© 2023 Central Library, National University of Sciences and Technology. All Rights Reserved.